| 000 | 00908cam a22003135a 4500 | ||
|---|---|---|---|
| 001 | 97950 | ||
| 003 | OSt | ||
| 005 | 20140310182656.0 | ||
| 008 | 960119m19939999kyu 000 0 eng | ||
| 010 | _a 96104493 | ||
| 020 | _a1884662005 | ||
| 035 | _a(DLC) 96104493 | ||
| 040 |
_aDLC _cDLC _dDLC |
||
| 050 | 0 | 0 |
_aBV 772 _b.B882 1990 |
| 082 |
_aM 248.6 _b B81 1990 |
||
| 100 | 1 | _aHoward-Browne, Rodney M. | |
| 245 | 1 | 0 |
_aThoughts on stewardship _cHoward-Browne, Rodney M. |
| 260 |
_aLouisville, Ky. _bR.H.B.E.A. Publications _cc1990 |
||
| 300 |
_a76 p. _c22 cm. |
||
| 521 | _ahighschool to college students | ||
| 526 | _c0L to 17000L | ||
| 541 | _j1 | ||
| 562 | _e1 | ||
| 650 | 0 | _aChristian stewardship. | |
| 650 | 0 | _aChristian giving. | |
| 906 |
_a7 _bcbc _corignew _d3 _encip _f19 _gy-gencatlg |
||
| 942 |
_2lcc _cBK _kM |
||
| 999 |
_c15113 _d15113 |
||